01052nam a2200229 i 4500003000900000005001700009007000300026008004100029040003000070082001300100100004400113245018500157250002200342264010300364300004300467336002700510337003400537338002800571500014900599700003000748700004400778DO-SdBNP20250501100808.0ta240523s2005 dr a 000 j spa d aDO-SdBNPbspacBNPHUerda bM475222 aMaza Miquel, Manuel Pablod1945-eautor10aA Belén para amar y servir :bcuentos de navidad para niñas y niños de todos los tamaños /cManuel Pablo Maza Miquel : dibujos Milán Lora : corrección Jeannette Miller  aSegunda edición 1aSanto Domingo :bBiblioteca del Instituto Pedro Francisco Bonó,bEditora Amigo del Hogar,c2005. a87 páginas, bilustracionesc22 cm. 2rdacontentatextobtxt 2rdamediaasin mediación bn 2rdacarrieravolumenbnc aEl pueblo que habita en tinieblas ha visto una gran luz; a los que habitaban en paraje de sombras de muerte una luz les ha amanecido. Mateo 4:16 aLora G., Milánedibujos1 aMiller, Jeannette,d1944-ecorrección